000 00642nam a2200205Ia 4500
003 GCL
008 140319s9999 xx 000 0 ara d
040 _aGCL /
_cGCL
082 0 4 _a190
_bص ت
100 1 _aصلاح اسماعيل عبد الحق
245 1 0 _aالتحليل اللغوى عند مدرسة اكسفورد /
_cصلاح اسماعيل عبد الحق
300 _a327 ص
490 _a
650 0 4 _aالفلسفة الحديثة
650 0 4 _aالفلسفة الغربية
650 0 4 _aالمنطق
650 0 4 _aالفلسفة - نظريات
650 0 4 _aاللغة العربية - فلسفة
942 _2ddc
_cBK
999 _c37896
_d37896